C how to program

Tallennettuna:
Bibliografiset tiedot
Päätekijä: Deitel, H M
Aineistotyyppi: Kirja
Kieli:Undetermined
Julkaistu: Upper Saddle River, New Jersey Prentice-Hall 2001
Aiheet:
Tagit: Lisää tagi
Ei tageja, Lisää ensimmäinen tagi!
Thư viện lưu trữ: Trung tâm Học liệu Trường Đại học Cần Thơ
LEADER 00516nam a2200169Ia 4500
001 CTU_50474
008 210402s9999 xx 000 0 und d
082 |a 005.133 
082 |b D325/Vol.2 
100 |a Deitel, H M 
245 0 |a C how to program 
245 0 |c H M Deitel, P J Deitel 
260 |a Upper Saddle River, New Jersey 
260 |b Prentice-Hall 
260 |c 2001 
650 |a C ( computer program language ),Java ( computer program language ) 
980 |a Trung tâm Học liệu Trường Đại học Cần Thơ